The role of the public in U.S. foreign relations. (Record no. 90079)
[ view plain ]
| 000 -LEADER | |
|---|---|
| fixed length control field | 01122cam a22002771 4500 |
| 001 - CONTROL NUMBER | |
| control field | sd 61000006 |
| 003 - CONTROL NUMBER IDENTIFIER | |
| control field | DLC |
| 005 - DATE AND TIME OF LATEST TRANSACTION | |
| control field | 20260227112736.0 |
| 008 - FIXED-LENGTH DATA ELEMENTS--GENERAL INFORMATION | |
| fixed length control field | 920417r19611960dcu f000 0 eng c |
| 010 ## - LIBRARY OF CONGRESS CONTROL NUMBER | |
| LC control number | sd 61000006 |
| 035 ## - SYSTEM CONTROL NUMBER | |
| System control number | (OCoLC)25667726 |
| 040 ## - CATALOGING SOURCE | |
| Original cataloging agency | U.S. Dept. of State. Library |
| Transcribing agency | DS |
| Modifying agency | DS |
| -- | DLC |
| 050 00 - LIBRARY OF CONGRESS CALL NUMBER | |
| Classification number | E183.7 |
| Item number | .F745 |
| 100 1# - MAIN ENTRY--PERSONAL NAME | |
| Personal name | Foster, H. Schuyler |
| Fuller form of name | (Harry Schuyler), |
| Dates associated with a name | 1905- |
| 245 14 - TITLE STATEMENT | |
| Title | The role of the public in U.S. foreign relations. |
| Remainder of title | [Address made before the Foreign Policy Association of New Orleans at New Orleans, La., on Oct. 11, 1960. |
| 260 ## - PUBLICATION, DISTRIBUTION, ETC. | |
| Place of publication, distribution, etc. | Washington] |
| Name of publisher, distributor, etc. | Dept. of State |
| Date of publication, distribution, etc. | [1961] |
| 300 ## - PHYSICAL DESCRIPTION | |
| Extent | 20 p. |
| Dimensions | 22 cm. |
| 490 1# - SERIES STATEMENT | |
| Series statement | [U.S.] Dept. of State. Publication |
| Volume/sequential designation | 7113 |
| 490 1# - SERIES STATEMENT | |
| Series statement | General foreign policy series, |
| Volume/sequential designation | 160 |
| 500 ## - GENERAL NOTE | |
| General note | "Reprinted from the Department of State Bulletin of November 28, 1960." |
| 650 #0 - SUBJECT ADDED ENTRY--TOPICAL TERM | |
| Topical term or geographic name entry element | Public opinion |
| Geographic subdivision | United States. |
| 651 #0 - SUBJECT ADDED ENTRY--GEOGRAPHIC NAME | |
| Geographic name | United States |
| General subdivision | Relations. |
| 651 #0 - SUBJECT ADDED ENTRY--GEOGRAPHIC NAME | |
| Geographic name | United States |
| General subdivision | Public opinion. |
| 830 #0 - SERIES ADDED ENTRY--UNIFORM TITLE | |
| Uniform title | Department of State publication ; |
| Volume/sequential designation | 7113. |
| 830 #0 - SERIES ADDED ENTRY--UNIFORM TITLE | |
| Uniform title | Department of State publication. |
| Name of part/section of a work | General foreign policy series ; |
| Volume/sequential designation | 160. |
No items available.